000 005150000a22001930004500
003 LK-CoMWRAF
005 20230923231407.0
008 230817t ||||| |||| 00| 0 eng d
040 _aLK-CoMWRAF
_dLK-CoMWRAF
_eLK-CoMWRAF
041 _aeng
082 _a297
_bSMI
100 _aSmith, Margaret M. A.
245 _aReadings from the mystics of Islam
260 _aLondon :
_bLuzac & Company Ltd,
_c1950
300 _a144p
500 _aTranslation from the Arabic and Persian
650 _aIslam
942 _cBK
999 _c1552
_d1552